| 000 | 00904pam a2200241 a 4500 | ||
|---|---|---|---|
| 001 | 1123571 | ||
| 005 | 20180220091651.0 | ||
| 008 | 940309s1994 miua be 001 0 eng | ||
| 010 | _a 94009305 | ||
| 020 |
_a0810383489 (acidfree paper) : _c$99.50 |
||
| 040 |
_aDLC _cDLC _dDLC |
||
| 041 | _aeng | ||
| 043 | _an-us--- | ||
| 080 | _a305.260973 RON | ||
| 082 | 0 | 0 |
_a305.260973 RON _220 |
| 100 | _a49 | ||
| 101 | _aSOC | ||
| 245 | 0 | 0 |
_aOlder Americans almanac : _cRonald J. Manheimer, editor, with North Carolina Center for Creative Retirement, University of North Carolina at Asheville. |
| 504 | _aIncludes bibliographical references (p. 821-836) and index. | ||
| 906 |
_a7 _bcbc _corignew _d1 _eocip _f19 _gy-gencatlg |
||
| 942 |
_2ddc _cBK |
||
| 999 |
_c42946 _d42946 |
||